• 首页
  • 本馆介绍
  • 公告通知
  • 最新文献
  • 馆藏检索
  • 电子资源
  • 读者导购
  • 参考咨询
  • 我的图书馆
  • 登录
  • 详细信息显示
  • 放入我的书架
  • 预约/预借图书
  • 作者相关作品
  • 分类相关作品
  • 丛书相关作品
  • 出版社相关作品

书目信息

  • 表格格式
  • 工作单格式
  • 卡片格式
题名:
基于语料库的汉语科技语体分析
    
 
作者: 梅中伟 著
分册:  
出版信息: 北京   新华出版社  2020
页数: 208页
开本: 24cm
丛书名:
单 册:
中图分类: G301 , H15
科图分类:
主题词: 科学技术--ke xue ji shu--汉语--语体--研究
电子资源:
ISBN: 978-7-5166-5378-4
000 01305nam0 2200277 450
001 2151093847
005 20211018173724.0
010    @a978-7-5166-5378-4@dCNY54.00
100    @a20201130d2020 em y0chiy0120 ea
101 0  @achi
102    @aCN@b110000
105    @ay v 000yy
106    @ar
200 1  @a基于语料库的汉语科技语体分析@Aji yu yu liao ku de han yu ke ji yu ti fen xi@f梅中伟著
210    @a北京@c新华出版社@d2020
215    @a208页@d24cm
300    @a本书为二○一六年度洛阳师范学院国家级项目培育基金资助课题“基于语料库的英汉学术语体对比分析”之阶段性研究成果
312    @a封面英文题名:A corpus-based analysis on the Chinese language style for science and technology
330    @a本书内容分为五章,第一章是选题背景及文献综述;第二章基于篇名语料库,对比分析了科技汉语篇名的语体特征;第三章基于摘要语料库,对比分析了科技汉语摘要的语体特征;第四章基于正文语料库,对比分析了科技汉语正文的总体语体特征;第五章总结各章研究成果,并分析了本课题的一些研究得失,还对未来的研究进行了展望。
510 1  @aCorpus-based analysis on the Chinese language style for science and technology@zeng
606 0  @a科学技术@Ake xue ji shu@x汉语@x语体@x研究
690    @aG301@v5
690    @aH15@v5
701  0 @a梅中伟@Amei zhong wei@4著
801  0 @aCN@b百万庄@c20211016
905    @b1309528-531@dG301@e323@f4
    
    基于语料库的汉语科技语体分析/梅中伟著.-北京:新华出版社,2020
    208页;24cm
    本书为二○一六年度洛阳师范学院国家级项目培育基金资助课题“基于语料库的英汉学术语体对比分析”之阶段性研究成果
    
    ISBN 978-7-5166-5378-4:CNY54.00
    本书内容分为五章,第一章是选题背景及文献综述;第二章基于篇名语料库,对比分析了科技汉语篇名的语体特征;第三章基于摘要语料库,对比分析了科技汉语摘要的语体特征;第四章基于正文语料库,对比分析了科技汉语正文的总体语体特征;第五章总结各章研究成果,并分析了本课题的一些研究得失,还对未来的研究进行了展望。
●
相关链接 在E读中查询图书 在五车中查询图书 在当当中查询图书 在豆瓣中查询图书


正题名:基于语料库的汉语科技语体分析     索取号:G301/323         预约/预借

序号 登录号 条形码 馆藏地/架位号 状态 备注
1 1309528   213095283   第一样本阅览室/ [索取号:G301/323] 在馆    
2 1309529   213095292   第四借阅区/ [索取号:G301/323] 在馆    
3 1309530   213095309   第四借阅区/ [索取号:G301/323] 在馆    
4 1309531   213095318   第四借阅区/ [索取号:G301/323] 在馆    
唐山师范学院图书馆 欢迎您!
大连网信软件有限公司© 版权所有